<?xml version="1.0" encoding="UTF-8"?><?xml-stylesheet type="text/xsl" href="static/style.xsl"?><OAI-PMH xmlns="http://www.openarchives.org/OAI/2.0/" xmlns:xsi="http://www.w3.org/2001/XMLSchema-instance" xsi:schemaLocation="http://www.openarchives.org/OAI/2.0/ http://www.openarchives.org/OAI/2.0/OAI-PMH.xsd"><responseDate>2026-04-14T17:52:28Z</responseDate><request verb="GetRecord" identifier="oai:uvadoc.uva.es:10324/71471" metadataPrefix="marc">https://uvadoc.uva.es/oai/request</request><GetRecord><record><header><identifier>oai:uvadoc.uva.es:10324/71471</identifier><datestamp>2024-12-11T10:18:29Z</datestamp><setSpec>com_10324_1138</setSpec><setSpec>com_10324_931</setSpec><setSpec>com_10324_894</setSpec><setSpec>col_10324_1226</setSpec></header><metadata><record xmlns="http://www.loc.gov/MARC21/slim" xmlns:doc="http://www.lyncode.com/xoai" xmlns:xsi="http://www.w3.org/2001/XMLSchema-instance" xmlns:dcterms="http://purl.org/dc/terms/" xsi:schemaLocation="http://www.loc.gov/MARC21/slim http://www.loc.gov/standards/marcxml/schema/MARC21slim.xsd">
<leader>00925njm 22002777a 4500</leader>
<datafield tag="042" ind1=" " ind2=" ">
<subfield code="a">dc</subfield>
</datafield>
<datafield tag="720" ind1=" " ind2=" ">
<subfield code="a">Usategui Martín, Ricardo</subfield>
<subfield code="e">author</subfield>
</datafield>
<datafield tag="720" ind1=" " ind2=" ">
<subfield code="a">Puertas Neyra, Kevin Louis</subfield>
<subfield code="e">author</subfield>
</datafield>
<datafield tag="720" ind1=" " ind2=" ">
<subfield code="a">García Gutiérrez, María Teresa</subfield>
<subfield code="e">author</subfield>
</datafield>
<datafield tag="720" ind1=" " ind2=" ">
<subfield code="a">Fuentes, Manuel</subfield>
<subfield code="e">author</subfield>
</datafield>
<datafield tag="720" ind1=" " ind2=" ">
<subfield code="a">Pastor Jimeno, José Carlos</subfield>
<subfield code="e">author</subfield>
</datafield>
<datafield tag="720" ind1=" " ind2=" ">
<subfield code="a">Fernández Bueno, Iván</subfield>
<subfield code="e">author</subfield>
</datafield>
<datafield tag="260" ind1=" " ind2=" ">
<subfield code="c">2020</subfield>
</datafield>
<datafield tag="520" ind1=" " ind2=" ">
<subfield code="a">Retinal photoreceptor degeneration occurs frequently in&#xd;
several neurodegenerative retinal diseases such as age-related&#xd;
macular degeneration, retinitis pigmentosa, or genetic retinal&#xd;
diseases related to the photoreceptors. Despite the impact on&#xd;
daily life and the social and economic consequences, there is&#xd;
no cure for these diseases. Considering this, cell-based therapy&#xd;
may be an optimal therapeutic option. This study evaluated the&#xd;
neuroprotective in vitro potential of a secretome of human&#xd;
bone marrow mesenchymal stem cells (MSCs) for retinal pho-&#xd;
toreceptors in vitro. We analyzed the photoreceptor morpho-&#xd;
logic changes and the paracrine factors secreted by human&#xd;
bone marrow MSCs in a physically separated co-culture with&#xd;
degenerated neuroretinas, using organotypic neuroretinal&#xd;
cultures. The results showed that the secretome of human&#xd;
bone marrow MSCs had a neuroprotective effect over the&#xd;
neuroretinal general organization and neuropreserved the&#xd;
photoreceptors from degeneration probably by secretion of&#xd;
neuroprotective proteins. The study of the expression of&#xd;
1,000 proteins showed increased paracrine factors secreted by&#xd;
MSCs that could be crucial in the neuroprotective effect of&#xd;
the stem cell secretome over in vitro retinal degeneration.&#xd;
The current results reinforce the hypothesis that the paracrine&#xd;
effect of the human bone marrow MSCs may slow photore-&#xd;
ceptor neurodegeneration and be a therapeutic option in&#xd;
retinal photoreceptor degenerative diseases.</subfield>
</datafield>
<datafield tag="024" ind2=" " ind1="8">
<subfield code="a">Molecular Therapy - Methods &amp; Clinical Development 2020;17:1155-1166</subfield>
</datafield>
<datafield tag="024" ind2=" " ind1="8">
<subfield code="a">2329-0501</subfield>
</datafield>
<datafield tag="024" ind2=" " ind1="8">
<subfield code="a">https://uvadoc.uva.es/handle/10324/71471</subfield>
</datafield>
<datafield tag="024" ind2=" " ind1="8">
<subfield code="a">10.1016/j.omtm.2020.05.003</subfield>
</datafield>
<datafield tag="024" ind2=" " ind1="8">
<subfield code="a">1155</subfield>
</datafield>
<datafield tag="024" ind2=" " ind1="8">
<subfield code="a">1166</subfield>
</datafield>
<datafield tag="024" ind2=" " ind1="8">
<subfield code="a">Molecular Therapy - Methods &amp; Clinical Development</subfield>
</datafield>
<datafield tag="024" ind2=" " ind1="8">
<subfield code="a">17</subfield>
</datafield>
<datafield tag="245" ind1="0" ind2="0">
<subfield code="a">Human Mesenchymal Stem Cell Secretome Exhibits a Neuroprotective Effect over In Vitro Retinal Photoreceptor Degeneration</subfield>
</datafield>
</record></metadata></record></GetRecord></OAI-PMH>